Statistiques concernant From which country this leader from?

Cliquez ici pour prendre le quiz!

Statistiques générales

  • Ce quiz a été pris 29 fois
  • Le résultat moyen est 8 sur 15

Statistiques - réponses

Name of leadersCountries they from% Correct
NapoléonFrance
90%
Tsar Nichola IIRussia
90%
HirohitoJapan
76%
Queen VictoriaUnited Kingdom
76%
Genghis KhanMongolia
62%
Abraham LincolnUnited States
62%
Charles QuintSpain
55%
AtatürkTurkey
55%
Frederick the GreatGermany
45%
StalineGeorgia
38%
John III SobieskiPoland
38%
Simon BolivarVenezuela
31%
Michael CollinsIreland
28%
Margaret IDenmark
21%
Harald HardradaNorway
21%

Distribution des résultats

Percentile par nombre de réponses

% des personnes avec chaque résultat

Votre développement - résultats

Vous n’avez pas pris ce quiz